Elements Starting with T - Statistics

General Stats
  • This quiz has been taken 1,111 times
    426 since last reset
  • The average score is 8 of 11
Answer Stats
Sym Element % Correct
Sn Tin
95%
W Tungsten
95%
Ti Titanium
94%
Th Thorium
74%
Te Tellurium
73%
Tc Technetium
71%
Tl Thallium
71%
Ta Tantalum
69%
Tb Terbium
62%
Ts Tennessine
60%
Tm Thulium
54%
No matching quizzes found
Score Distribution
Percent of People with Each Score
Percentile by Number Answered
Your Score History
You have not taken this quiz since the last reset